Popisovník stavebních prací Katalog P 5
Salvato in:
| Natura: | Libro |
|---|---|
| Lingua: | ceco |
| Pubblicazione: |
Praha
Ústav racionalizace ve stavebnictví
1992
|
| Edizione: | 1. vyd. |
| Soggetti: | |
| Tags: |
Nessun Tag, puoi essere il primo ad aggiungerne!!
|
MARC
| LEADER | 00000nam a2200000 4500 | ||
|---|---|---|---|
| 001 | c001978 | ||
| 005 | 20221214090331.7 | ||
| 041 | 0 | |a cze | |
| 044 | |a CZ | ||
| 245 | 1 | 0 | |a Popisovník stavebních prací |b Katalog P 5 |
| 250 | |a 1. vyd. | ||
| 264 | 1 | |a Praha |b Ústav racionalizace ve stavebnictví |c 1992 | |
| 300 | |a 88 s. | ||
| 610 | 2 | 0 | |a práca stavebná |
| 610 | 2 | 0 | |a katalógy prác |
| 610 | 2 | 0 | |a kalkulácia |
| 610 | 2 | 0 | |a informácie sociálno-ekonomické |
| 610 | 2 | 0 | |a stavebníctvo |
| 610 | 2 | 0 | |a ČSFR |